=LDR 00000nam 2200000 4500 =001 INLIS000000000046818 =005 20150518114925.0 =006 =007 =008 =035 ##$$0010-051500000000077 =082 ##$$a 026.5 =090 ##$$a 026.5 ari k.4 =100 ##$$a sahid al arif =245 ##$$a kisah nabi =250 ##$$a pertamahalim jaya =260 ##$$a halim jaya =300 ##$$a hln. 32 =850 ##$$a NPBMAT =990 ##$$a 0001/BPAP-NTB/20142015